Kentucky Counties by Population - Statistics

General Stats
  • This quiz has been taken 73 times
  • The average score is 17 of 120
Answer Stats
Population County % Correct
321,793 Fayette
100%
777,874 Jefferson
100%
137,412 Boone
75%
137,212 Warren
75%
169,495 Kenton
69%
103,063 Daviess
56%
111,607 Hardin
44%
2,257 Robertson
44%
82,918 Bullitt
38%
93,050 Campbell
38%
94,666 Madison
38%
58,252 Scott
31%
36,615 Graves
25%
67,454 McCracken
25%
3,953 Owsley
25%
65,423 Pulaski
25%
72,357 Christian
19%
51,682 Franklin
19%
35,649 Greenup
19%
4,424 Hickman
19%
45,138 Hopkins
19%
62,561 Laurel
19%
7,451 Lee
19%
47,098 Nelson
19%
68,685 Oldham
19%
57,391 Pike
19%
12,778 Bath
13%
47,899 Boyd
13%
30,747 Boyle
13%
37,560 Calloway
13%
4,791 Carlisle
13%
36,871 Clark
13%
5,879 Cumberland
13%
7,381 Elliott
13%
35,274 Floyd
13%
25,244 Grant
13%
11,291 Green
13%
19,460 Hart
13%
44,329 Henderson
13%
15,028 LaRue
13%
31,748 Marshall
13%
11,294 Owen
13%
48,461 Shelby
13%
26,235 Taylor
13%
27,075 Woodford
13%
18,932 Adair
6%
20,797 Allen
6%
24,035 Anderson
6%
7,695 Ballard
6%
44,544 Barren
6%
23,858 Bell
6%
20,229 Bourbon
6%
8,439 Bracken
6%
13,553 Breathitt
6%
20,651 Breckinridge
6%
12,294 Butler
6%
12,624 Caldwell
6%
10,863 Carroll
6%
26,412 Carter
6%
15,866 Casey
6%
20,206 Clay
6%
9,265 Clinton
6%
8,947 Crittenden
6%
12,291 Edmonson
6%
14,092 Estill
6%
15,224 Fleming
6%
6,512 Fulton
6%
8,775 Gallatin
6%
17,362 Garrard
6%
26,524 Grayson
6%
9,064 Hancock
6%
26,164 Harlan
6%
18,950 Harrison
6%
15,657 Henry
6%
12,984 Jackson
6%
53,626 Jessamine
6%
22,556 Johnson
6%
14,053 Knott
6%
29,909 Knox
6%
16,290 Lawrence
6%
10,278 Leslie
6%
21,253 Letcher
6%
12,987 Lewis
6%
24,243 Lincoln
6%
8,959 Livingston
6%
27,771 Logan
6%
8,803 Lyon
6%
11,497 Magoffin
6%
19,725 Marion
6%
11,140 Martin
6%
16,931 Mason
6%
16,892 McCreary
6%
9,100 McLean
6%
30,131 Meade
6%
6,194 Menifee
6%
22,850 Mercer
6%
10,349 Metcalfe
6%
11,233 Monroe
6%
28,219 Montgomery
6%
13,820 Morgan
6%
30,694 Muhlenberg
6%
7,712 Nicholas
6%
23,688 Ohio
6%
14,607 Pendleton
6%
27,929 Perry
6%
13,133 Powell
6%
16,115 Rockcastle
6%
24,861 Rowan
6%
18,156 Russell
6%
19,718 Simpson
6%
19,916 Spencer
6%
12,285 Todd
6%
14,192 Trigg
6%
8,530 Trimble
6%
13,544 Union
6%
19,540 Wayne
6%
12,813 Webster
6%
36,939 Whitley
6%
6,507 Wolfe
6%
12,072 Washington
0%
No matching quizzes found
Score Distribution
Percent of People with Each Score
Percentile by Number Answered
Your Score History
You have not taken this quiz